Just Be Close: Entertainment Edition Quiz Stats

 Plays Quiz Updated Jul 6, 2019

Score 0/16 Timer 05:00
0 Plays Today
Clue Close? % Correct
Number of children
recognized by Marlon Brando
???
93.2%
Number of original members
in the Justice League
???
88.6%
Number of Tony nominations
for the musical Hamilton
???
81.1%
Amount of times Bob Hope
hosted or co-hosted the Academy Awards
???
75.8%
Number of Meryl Streep's Academy Awards
acting nominations
???
70.4%
Number of Academy Award
ceremonies that were broadcast via radio only
???
69.5%
Hollywood films Fidel Castro
appeared in as an extra
???
67.5%
Number of credited film roles
of actor James Dean
???
61.7%
Clue Close? % Correct
Black Panther's rank on Entertainment's Weekly's '50 Most Powerful Superheroes' list???
59.9%
Number of languages the
comic strip 'Peanuts' was translated into
???
36.1%
Issue Number of Detective Comics
Batman first appears in
???
35.3%
Years in the military spent by
'The Hangover' co-star, Rob Riggle
???
33.7%
Length in minutes Spider-Man's
base web lasts before dissolving
???
17.4%
Millions of US$ earned by Tom Hanks
for the movie Forrest Gump
???
11.2%
Number of times Princess Diana
appeared on the cover of People magazine
???
8.5%
Years 'Little Orphan Annie'
appeared in newspaper comic strips
???
6.2%

You're not logged in!

Compare scores with friends on all Sporcle quizzes.
OR
Log In

Sporcle TV

Today on Sporcle TV


Watch our educational content, quiz creation guides, and fun videos on Sporcle TV.

Show Comments

Extras

Top Quizzes Today


Score Distribution

Your Account Isn't Verified!

In order to create a playlist on Sporcle, you need to verify the email address you used during registration. Go to your Sporcle Settings to finish the process.

Report this User

Report this user for behavior that violates our Community Guidelines.

Details: